| 000 | 01771nam2a2200265 4500 | ||
|---|---|---|---|
| 001 | rc\2907519 | ||
| 005 | 20260315054052.0 | ||
| 035 | _a(NLR Aleph) 007058462 | ||
| 090 |
_a13592587 _c13592587 |
||
| 100 | _a20110804d1939 u y0rusy50 ca | ||
| 101 | 0 | _arus | |
| 105 | _aa z ||||| | ||
| 200 | 1 | _aНаружные стены | |
| 210 | _d1939 | ||
| 215 |
_a70 с., 2 ненум. с. _cчерт. |
||
| 300 | _aНа 4-й с. указаны составители: инж. Н.Н. Фурсов и инж., С.С. Забелло и редактор: инж. И.О. Плехович | ||
| 461 | 0 |
_1001rc\2907518 _12001#$aНормы и данные для теплотехнических расчетов ограждающих конструкций производственных и гражданских зданий [текстильной промышленности]$fНКЛП СССР, Гл. упр. стр-вом "Госпроектстрой", Сектор типизации и техн. исслед.$vЧ. 2 _96261147 _a"Госпроектстрой", трест (Москва) _cМосква _d1939 _fНКЛП СССР, Гл. упр. стр-вом "Госпроектстрой", Сектор типизации и техн. исслед. _nБ. и. _tНормы и данные для теплотехнических расчетов ограждающих конструкций производственных и гражданских зданий [текстильной промышленности] _vЧ. 2 |
|
| 702 | 1 |
_aФурсов _bН.Н. _4220 |
|
| 702 | 1 |
_aЗабелло _bС.С. _4220 |
|
| 702 | 1 |
_aПлехович _bИ.О. _4340 |
|
| 801 | 0 |
_aRU _bNLR _gpsbo |
|
| 801 | 1 |
_aRU _bELAR _2rusmarc |
|
| 852 |
_aNLR _j37-17/170(2) |
||
| 942 | _cUNSPEC | ||
| 980 | _aNB | ||